| 000 | 00523nam a22001457a 4500 | ||
|---|---|---|---|
| 082 | _a620.1 | ||
| 100 | _aQureshi, Salman Ahmed | ||
| 245 |
_aDesign of pressure vessel : A comparative study between code vs analysis approach / _cSalman Ahmed Qureshi. |
||
| 260 |
_aIslamabad : _bCEME - NUST, _c2015. |
||
| 300 |
_a89 p. : ill. ; _c30cm. |
||
| 650 |
_aMechanical Engineering - MS Theses. _930365 |
||
| 700 |
_aSup: Dr. Hasan Aftab Saeed. _934748 |
||
| 942 |
_2ddc _cTHE |
||
| 999 |
_c540719 _d540719 |
||